000 00806cam a2200241 a 4500
001 11921832
005 20180227033418.0
008 000225s2001 maua b 001 0 eng
010 _a 00027291
020 _a007231401X (acidfree paper)
040 _aDLC
_cDLC
_dDLC
041 _aeng
043 _an-us---
080 _a346.73065 FRE
082 0 0 _a346.73065 FRE
_221
100 1 _a14
101 _aJUR
245 1 0 _aLaw, business, and society / Tony McAdams ; contributing authors, James Freeman, Laura P. Hartman.
504 _aIncludes bibliographical references and index.
906 _a7
_bcbc
_corignew
_d1
_eocip
_f20
_gy-gencatlg
942 _2ddc
_cBK
999 _c43540
_d43540